The challenge / (Record no. 34)

000 -LEADER
fixed length control field nam a22 a 4500
003 - CONTROL NUMBER IDENTIFIER
control field AKMAL
005 - DATE AND TIME OF LATEST TRANSACTION
control field 20170413121958.0
008 - FIXED-LENGTH DATA ELEMENTS--GENERAL INFORMATION
fixed length control field 170413s2002 my 00 eng d
020 ## - INTERNATIONAL STANDARD BOOK NUMBER
International Standard Book Number 9679781038 (pbk.):
Terms of availability RM25.00
040 ## - CATALOGING SOURCE
Original cataloging agency AKMAL
082 04 - DEWEY DECIMAL CLASSIFICATION NUMBER
Classification number 301.0899923
Edition number 21
090 00 - LOCALLY ASSIGNED LC-TYPE CALL NUMBER (OCLC); LOCAL CALL NUMBER (RLIN)
Classification number (OCLC) (R) ; Classification number, CALL (RLIN) (NR) 301.0899923
Local cutter number (OCLC) ; Book number/undivided call number, CALL (RLIN) MAH
100 0# - MAIN ENTRY--PERSONAL NAME
Personal name Mahathir Mohamad,
Titles and words associated with a name Tun,
Dates associated with a name 1925-
9 (RLIN) 41
245 14 - TITLE STATEMENT
Title The challenge /
Statement of responsibility, etc. Mahathir Mohamad
260 ## - PUBLICATION, DISTRIBUTION, ETC.
Place of publication, distribution, etc. Subang Jaya :
Name of publisher, distributor, etc. Pelanduk Publications,
Date of publication, distribution, etc. 2002
300 00 - PHYSICAL DESCRIPTION
Extent [170]p. ;
Dimensions 21cm
500 ## - GENERAL NOTE
General note Includes index
650 #0 - SUBJECT ADDED ENTRY--TOPICAL TERM
Topical term or geographic name entry element Malays (Asian people)
General subdivision Social conditions
Geographic subdivision Malaysia
9 (RLIN) 117
650 #0 - SUBJECT ADDED ENTRY--TOPICAL TERM
Topical term or geographic name entry element Malays (Asian people)
General subdivision Politics and government
Geographic subdivision Malaysia
9 (RLIN) 118
942 ## - ADDED ENTRY ELEMENTS (KOHA)
Source of classification or shelving scheme
Koha item type Book
Holdings
Withdrawn status Lost status Source of classification or shelving scheme Damaged status Not for loan Collection code Home library Current library Shelving location Date acquired Inventory number Total Checkouts Full call number Barcode Date last seen Price effective from Koha item type
          NON-FICTION AKMAL Melaka AKMAL Melaka PINJAMAN 13.04.2017 303447   301.0899923 MAH 201700069 13.04.2017 13.04.2017 Book
          NON-FICTION AKMAL Melaka AKMAL Melaka PINJAMAN 13.04.2017     301.0899923 MAH 201700068 13.04.2017 13.04.2017 Book
          NON-FICTION AKMAL Melaka AKMAL Melaka PINJAMAN 13.04.2017 002607   301.0899923 MAH 201703271 18.05.2017 13.04.2017 Book
Pusat Sumber Maklumat Dato' Haji Sarmin Md Hussin, Akademi Kastam Diraja Malaysia, Melaka
Tel: 06-2331106 | Faks: 06-2313787